Đánh giá kết quả học tập ở tiểu học và phương pháp nghiên cứu khoa học Tài liệu đào tạo và bồi dưỡng
Gồm một số nội dung: Chấm bài tự luận ở tiểu học, kỹ thuật quan sát và cho nhận xét, phương pháp nghiên cứ khoa học giáo dục....
Sparad:
| Institutionell upphovsman: | |
|---|---|
| Materialtyp: | Bok |
| Ämnen: | |
| Taggar: |
Lägg till en tagg
Inga taggar, Lägg till första taggen!
|
| Thư viện lưu trữ: | Trung tâm Học liệu Lê Vũ Hùng, Trường Đại học Đồng Tháp |
|---|
| LEADER | 01449pmm a22003018a 4500 | ||
|---|---|---|---|
| 001 | 00030196 | ||
| 005 | 20171026081023.0 | ||
| 008 | 121225s |||||| sd | ||
| 082 | 1 | 4 | |a 372.07 |b Đ107GI |
| 110 | 1 | # | |a Dự án phát triển giáo viên tiểu học |b Bộ Giáo dục và Đào tạo |
| 245 | 0 | 0 | |b Tài liệu đào tạo và bồi dưỡng |a Đánh giá kết quả học tập ở tiểu học và phương pháp nghiên cứu khoa học |h nguồn liệu điện tử] |
| 300 | # | # | |a 1 đĩa CD |c 4 3/4 in. |
| 500 | # | # | |a Tài liệu được xuất bản trong khuôn khổ Dự án phát triển Giáo viên Tiểu học (không thu tiền) |
| 520 | # | # | |a Gồm một số nội dung: Chấm bài tự luận ở tiểu học, kỹ thuật quan sát và cho nhận xét, phương pháp nghiên cứ khoa học giáo dục.... |
| 653 | # | # | |a Giáo dục tiểu học |
| 653 | # | # | |a Đĩa CD |
| 653 | # | # | |a Đánh giá kết quả |
| 653 | # | # | |a Phương pháp nghiên cứu khoa học |
| 852 | # | # | |j DPT.0000249 |j DPT.0000248 |j DPT.0000247 |
| 852 | # | # | |b Kho đa phương tiện |j DPT.0000247, DPT.0000249, DPT.0000248 |
| 910 | |d 25/12/2012 | ||
| 980 | # | # | |a Trung tâm Học liệu Lê Vũ Hùng, Trường Đại học Đồng Tháp |